Elliott Smith Songs - Statistics

General Stats
  • This quiz has been taken 222 times
  • The average score is 41 of 78
Answer Stats
Answer % Correct
Between the Bars
87%
No Name #2
87%
No Name #3
87%
Roman Candle
87%
Needle in the Hay
86%
No Name #1
86%
No Name #4
83%
Say Yes
83%
No Name No. 5
82%
Alameda
78%
Angeles
74%
Clementine
74%
Speed Trials
74%
Son of Sam
73%
Waltz #1
72%
LA
71%
Everything Means Nothing to Me
68%
Everything Reminds Me of Her
68%
Waltz #2 (XO)
68%
Christian Brothers
67%
Condor Ave.
66%
Rose Parade
66%
Ballad of Big Nothing
64%
2:45 AM
63%
Kiwi Maddog 20/20
63%
Twilight
62%
The White Lady Loves You More
60%
Baby Britain
59%
The Biggest Lie
58%
Last Call
57%
Punch and Judy
56%
Pictures of Me
54%
Coming Up Roses
53%
Pitseleh
53%
Somebody That I Used to Know
53%
King's Crossing
52%
Drive All Over Town
51%
Bye
50%
Cupid's Trick
50%
Happiness / The Gondola Man
50%
Independence Day
50%
St. Ides Heaven
50%
Alphabet Town
49%
I Didn't Understand
48%
Junk Bond Trader
48%
Satellite
48%
Sweet Adeline
48%
Bled White
46%
Amity
45%
Southern Belle
45%
Bottle Up and Explode!
43%
A Fond Farewell
42%
Tomorrow Tomorrow
42%
Everybody Cares, Everybody Understands
40%
Pretty (Ugly Before)
40%
Wouldn't Mama Be Proud?
39%
Good to Go
38%
I Better Be Quiet Now
38%
In the Lost and Found (Honky Bach)
38%
Single File
38%
Stupidity Tries
38%
Color Bars
36%
Memory Lane
36%
Coast to Coast
35%
Can't Make a Sound
34%
Oh Well, Okay
33%
Pretty Mary K
33%
A Distorted Reality is Now a Necessity to be Free
32%
A Question Mark
32%
Let's Get Lost
32%
Ostrich & Chirping
31%
Easy Way Out
29%
Little One
29%
Shooting Star
28%
Strung Out Again
28%
The Last Hour
26%
Don't Go Down
24%
A Passing Feeling
20%
No matching quizzes found
Score Distribution
Percent of People with Each Score
Percentile by Number Answered
Your Score History
You have not taken this quiz